1278 1344 1471 1007 1507 1519 1674 1941 1913 1679 1033 1063 1969 1272 1991 1672 1514 1517 1573 1455 1585 1796 1740 1068 1540 1939 1197 1782 1987 1204 1017 1244 1893 1517 1285 1545 1946 1128 1077 1338 1946 1190 1278 1309 1025 1240 1390 1575 1245 1749 1063 1400 1635 1696 1726 1328 1310 1814 1492 1853 1637 1560 1577 1310 1227 1352 1353 1301 1281 1699 1030 1679 1547 1930 1615 1556 1875 1278 1251 1274 1648 1769 1379 1989 1066 1668 1715 1439 1839 1300 1151 1705 1972 1477 1573 1701 1378 1221 1539 BCNSPRNW ULIB Ver.6.0+V

เปลี่ยนเป็นภาษาไทย

Change to English
 แสดงรายละเอียดบรรณานุกรม
  กลับหน้าหลัก

Brief Record : Get Marc (ISO 2709) : E-mail record : QR code < ปิดหน้าต่าง
LEADER : 00000nam 2200000uu 4500
001    13399120881
003     ULIB
008    020711s2550 th a 000 0 tha d
020    9789748290713
050    DS586 ป551ค
100    ปารเมศร์ รัชไชยบุญ
245    ความสุขของพระมหากษัตริย์
250    พิมพ์ครั้งที่ 1
260    กรุงเทพฯ :^bกรีน-ปัญญาญาณ,^c2550
945    ^p150^l0^i14829
999    ^aทศพร เกษรทอง
รายการนี้ยังไม่มีแท็ก
คุณยังไม่ได้ล็อกอิน คุณสามารถมีกิจกรรมร่วมกับเว็บไซต์ได้ แต่ต้องล็อกอินก่อน ::
  ล็อกอิน

รายการสื่อสารสนเทศ

ลำดับที่ ประเภท เลขเรียก/บาร์โค้ด สถานที่ สถานะ
1. วิทยาศาสตร์การแพทย์ และสุขภาพ
วิทยาศาสตร์การแพทย์ และสุขภาพ
DS586 ป551ค  
  Barcode: 14829
ห้องสมุดวิทยาเขตสวรรค์ประชารักษ์
►หนังสือทั่วไป
บนชั้น

BibComment


ยังไม่เคยถูกคอมเมนท์

คอมเมนท์ทรัพยากรรายการนี้
  คอมเมนท์: ความสุขของพระมหาก..


 Copyright 2026. Bcnsprnw @Library